000 00657nam a22002297a 4500
005 20170124110037.0
010 _a772501
020 _c00.00
_a0416178308
035 _a772501
037 _bCen Lib/Ret
040 _aDPL
_bEN
082 _a883.08
_bSHA
100 _aShakespeare, William
_922973
245 _aAs you like it /
_cby William Shakespeare; edited by Agnes Latham
260 _aLondon
_bMethuen
_c1975
270 _bLondon
300 _axcv,135p.
_c20cm(Hb)
650 _aFathers and daughters -- Drama
_922974
650 _aExiles -- Drama
_922975
700 _a Latham, Agnes
_922976
942 _2ddc
_cEN
_h883.08
_mSHA
999 _c128300
_d128300